| 000 | 00850nam a22002297a 4500 | ||
|---|---|---|---|
| 005 | 20180612144712.0 | ||
| 010 | _a1718EN-30 ENG-121767 B-687624-639 | ||
| 020 |
_c395.00 _a9789386367563 |
||
| 035 | _aEN-105299 | ||
| 035 | _aB-687624-639 | ||
| 037 |
_bAlpha Edition _aDBAD/PUB |
||
| 082 | _a613.25 | ||
| 100 | _aMoen, Juliann | ||
| 245 |
_aBasic health care stories: _cby Juliann Moen _bobesity / |
||
| 260 |
_aNew Delhi _bAlpha Edition _c2017 |
||
| 270 |
_a2/41, Ansari Road, Darya Ganj, _bNew Delhi _e110002 |
||
| 300 |
_a128p. _c21cm(pbk) |
||
| 490 | _aBasic Health Care Series | ||
| 700 | _dJuliann Moen | ||
| 942 |
_2ddc _cEN _mMOE _h613.25 |
||
| 999 |
_c146186 _d146186 |
||